Taine and the fine arts / (Record no. 72777)

MARC details
000 -LEADER
campo de control de longitud fija 00537nam a2200193 i 4500
001 - NÚMERO DE CONTROL
campo de control 72777
003 - IDENTIFICADOR DE NÚMERO DE CONTROL
campo de control ES-MaACL
005 - FECHA Y HORA DE LA ÚLTIMA TRANSACCIÓN
campo de control 20251013214048.0
007 - CAMPO FIJO DE DESCRIPCIÓN FÍSICA--INFORMACIÓN GENERAL
campo de control de longitud fija t|
008 - DATOS DE LONGITUD FIJA--INFORMACIÓN GENERAL
campo de control de longitud fija 040902s1973 sp ||||1| eng d
020 ## - NÚMERO INTERNACIONAL ESTÁNDAR DEL LIBRO
Número Internacional Estándar del Libro 84-359-0091-6
100 1# - ENTRADA PRINCIPAL--NOMBRE DE PERSONA
Nombre de persona Goetz, Thomas H.
9 (RLIN) 57578
245 10 - MENCIÓN DEL TÍTULO
Título Taine and the fine arts /
Mención de responsabilidad, etc. Thomas H. Goetz.
260 ## - PUBLICACIÓN, DISTRIBUCIÓN, ETC.
Lugar de publicación, distribución, etc. Madrid :
Nombre del editor, distribuidor, etc. Playor,
Fecha de publicación, distribución, etc. [1973]
300 ## - DESCRIPCIÓN FÍSICA
Extensión 154 p. ;
Dimensiones 19 cm.
600 14 - PUNTO DE ACCESO ADICIONAL DE MATERIA--NOMBRE DE PERSONA
Nombre de persona Taine, Hippolyte,
Fechas asociadas al nombre 1828-1893
9 (RLIN) 109085
852 ## - LOCALIZACIÓN
Ubicación ES-MaACL
Número de control de estantería C-55339
Sublocalización o colección R.87662
Holdings
Estatus retirado Estado de pérdida Estado de daño No para préstamo Biblioteca de origen Biblioteca actual Ubicación en estantería Fecha de adquisición Fuente de adquisición Total de préstamos Signatura topográfica completa Código de barras Visto por última vez Precio de reemplazo Tipo de ítem Koha
        Biblioteca del Ateneo de Madrid Biblioteca del Ateneo de Madrid Depósito 2 17/01/2008     C-55339 1076184 23/02/2023 23/02/2023 Libro impreso